[Event "Foment Martinenc op-A 21st"]
[Site "Barcelona"]
[Date "2019.05.25"]
[Round "5"]
[White "Silva Rosas, Cristian"]
[Black "Travesset Sagre, Jan"]
[Result "0-1"]
[WhiteElo "1948"]
[BlackElo "2019"]
[PlyCount "88"]
[EventDate "2019.04.27"]
[EventType "swiss"]
[EventRounds "9"]
[EventCountry "ESP"]
[SourceTitle "EXT 2020"]
[Source "ChessBase"]
[SourceDate "2019.10.17"]
[SourceVersion "1"]
[SourceVersionDate "2019.10.17"]
[SourceQuality "1"]

1. c4 e5 2. d3 Nc6 3. a3 a5 4. Nc3 Nf6 5. Bg5 h6 6. Bh4 g5 7. Bg3 d6 8. h4 Nh5 9. Bh2 g4 10. e3 Qxh4 11. Nge2 Bg7 12. Nd5 Kd8 13. g3 Qg5 14. Bg2 Nf6 15. Nec3 Ne7 16. Nxf6 Qxf6 17. Qb3 Rb8 18. Ne4 Qe6 19. Nc3 b6 20. 0-0-0 Bb7 21. Bxb7 Rxb7 22. e4 Nc6 23. Nb5 Rf8 24. Rhf1 Qf6 25. Bg1 Qf3 26. Rfe1 h5 27. Kb1 Nd4 28. Qa4 Nxb5 29. Qxb5 f5 30. Qd5 Kc8 31. Rc1 fxe4 32. Rxe4 Rd8 33. Qe6+ Kb8 34. Re3 Qf6 35. Qd5 Bh6 36. f4 exf4 37. Re6 Qg5 38. Qe4 fxg3 39. Be3 Qxe3 40. Qxe3 Bxe3 41. Rxe3 h4 42. Rh1 g2 43. Rg1 h3 44. Rg3 h2 0-1

[Event "Foment Martinenc op-A 21st"]
[Site "Barcelona"]
[Date "2019.05.18"]
[Round "4"]
[White "Diaz Carrasco, Sergio"]
[Black "Silva Rosas, Cristian"]
[Result "0-1"]
[WhiteElo "2110"]
[BlackElo "1948"]
[PlyCount "48"]
[EventDate "2019.04.27"]
[EventType "swiss"]
[EventRounds "9"]
[EventCountry "ESP"]
[SourceTitle "EXT 2020"]
[Source "ChessBase"]
[SourceDate "2019.10.17"]
[SourceVersion "1"]
[SourceVersionDate "2019.10.17"]
[SourceQuality "1"]

1. Nf3 Nf6 2. c4 c6 3. Nc3 d5 4. e3 e6 5. b3 a6 6. Bb2 b5 7. Qc2 Nbd7 8. d4 Bd6 9. Bd3 e5 10. dxe5 Nxe5 11. Nxe5 Bxe5 12. Ne2 dxc4 13. Be4 Bxb2 14. Bxc6+ Bd7 15. Bxd7+ Qxd7 16. Qxb2 cxb3 17. axb3 0-0 18. 0-0 Rfd8 19. Nd4 a5 20. Rfc1 a4 21. bxa4 bxa4 22. Ra3 Rdb8 23. Qd2 Qd6 24. Rca1 Qxa3 0-1

[Event "Foment Martinenc op-A 21st"]
[Site "Barcelona"]
[Date "2019.05.04"]
[Round "2"]
[White "Dartmann Aubanell, Catriona"]
[Black "Silva Rosas, Cristian"]
[Result "1/2-1/2"]
[WhiteElo "1794"]
[BlackElo "1948"]
[PlyCount "80"]
[EventDate "2019.04.27"]
[EventType "swiss"]
[EventRounds "9"]
[EventCountry "ESP"]
[SourceTitle "EXT 2020"]
[Source "ChessBase"]
[SourceDate "2019.10.17"]
[SourceVersion "1"]
[SourceVersionDate "2019.10.17"]
[SourceQuality "1"]

1. e4 c5 2. Nf3 d6 3. Bb5+ Nd7 4. c3 a6 5. Ba4 b5 6. Bc2 Ngf6 7. Qe2 e6 8. 0-0 Be7 9. d4 e5 10. Rd1 Qc7 11. dxe5 dxe5 12. Nbd2 Nf8 13. h3 Ng6 14. a4 Nf4 15. Qe3 Bb7 16. Nf1 0-0 17. Ng3 Rfd8 18. Rxd8+ Rxd8 19. Nf5 Bf8 20. axb5 axb5 21. Ra7 Ra8 22. Rxa8 Bxa8 23. Qe1 g6 24. Ng3 Ne6 25. Bd2 c4 26. Qa1 Bb7 27. Be3 Nc5 28. Qa7 Bd6 29. Nxe5 Ncxe4 30. Nxe4 Nxe4 31. Ng4 f5 32. Bxe4 Bxe4 33. Qxc7 Bxc7 34. Nf6+ Kf7 35. Nxh7 Bd8 36. Ng5+ Bxg5 37. Bxg5 Ke6 38. Kh2 Ke5 39. Kg3 Bc6 40. f3 Be8 1/2-1/2